Brawl Stars skins - Statistics

General Stats
  • This quiz has been taken 154 times
    129 since last reset
  • The average score is 18 of 129
Answer Stats
Brawler Skin % Correct
Shelly Star Shelly
72%
Bandita Shelly
58%
Nita Panda Nita
56%
PSG Shelly
53%
Witch Shelly
46%
Koala Nita
43%
Shiba Nita
37%
Outlaw Colt
29%
Colt Rockstar Colt
28%
Bunny Penny
24%
Virus 8-Bit
21%
Mecha Bo
20%
DJ Frank
19%
Mecha Crow
19%
Frank Caveman Frank
18%
Lou King Lou
18%
Spike Sakura Spike
18%
Sally Leon
18%
Jessie Summer Jessie
18%
Crow White Crow
18%
Zombibi
18%
Gold Mecha Crow
17%
Night Mecha Crow
17%
Piper Pink Piper
17%
Red Nose Nita
17%
Dark Bunny Penny
16%
Dragon Knight Jessie
16%
Bea Ladybug Bea
16%
Robo Mike
16%
Sandy Sleepy Sandy
16%
Space Ox Bull
16%
Mr.P Agent P
15%
Barbarian King Bull
15%
Corsair Colt
15%
El Brown
15%
Evil Gene
15%
Max GT Max
15%
Smooth Lou
15%
Bull Viking Bull
15%
El Rey Primo
13%
Bo Gold Mecha Bo
13%
Light Mecha Bo
13%
Phoenix Crow
13%
Nani Retro Nani
13%
Ricochet
13%
Leon Shark Leon
13%
Snowman Tick
13%
Colette Trixie Colette
13%
Wizard Barley
13%
Darryl Dumpling Darryl
12%
Hog Rider Carl
12%
Tick King Crab Tick
12%
Linebacker Bull
12%
Lion Dance Brock
12%
Maple Barley
12%
Red Dragon Jessie
12%
Red Wizard Barley
12%
Robo Spike
12%
Colonel Ruffs Ronin Ruffs
12%
Royal Agent Colt
12%
Streetwear Max
12%
Touchdown Bull
12%
Challenger Colt
11%
Emz College Emz
11%
Dark Lord Spike
11%
El Primo El Rudo Primo
11%
Lunar Sprout
11%
Surge Mecha Paladin Surge
11%
Gene Pirate Gene
11%
Sprout Tropical Sprout
11%
Werewolf Leon
11%
Brock Beach Brock
10%
Boombox Brock
10%
Jacky Constructor Jacky
10%
Cupid Piper
10%
Barley Golden Barley
10%
Pam Holiday Pam
10%
Mask Spike
10%
Mega Beetle Bea
10%
Gale Merchant Gale
10%
Navigator Colette
10%
Rockabilly Mortis
10%
Dynamike Santamike
10%
Shadow Knight Jessie
10%
Smuggler Penny
10%
Street Ninja Tara
10%
Super Fan Emz
10%
Stu Superstar Stu
10%
Top Hat Mortis
10%
Rosa Brawl-o-ween Rosa
9%
Horus Bo
9%
Rico Loaded Rico
9%
Mortis Rogue Mortis
9%
Sally Nani
9%
Serenade Poco
9%
Spicy Mike
9%
Ultra Driller Jacky
9%
Warrior Bo
9%
Captain Carl
8%
Coach Mike
8%
Dark Tide Carl
8%
Bibi Heroine Bibi
8%
Tara Iris Tara
8%
Mascot Darryl
8%
Poco Pirate Poco
8%
Popcorn Rico
8%
Underworld Bo
8%
8-Bit 8-Bit Classic
7%
Bibilante
7%
Choco Piper
7%
Hot Rod Brock
7%
Leonard Carl
7%
Penny Lil Helper Penny
7%
Night Witch Mortis
7%
PSG Mike
7%
Sugar Rush Sandy
7%
Bakesale Barley
6%
D4R-RY1
6%
Guard Rico
6%
Nutcracker Gale
6%
Tanuki Jessie
6%
Bellhop Mike
4%
Cony Max
4%
El Atomico Primo
4%
Holiday Party Frank
4%
Poco Starr
4%
Carl Road Rage Carl
4%
Calavera Piper
3%
Super Ranger Brock
3%
No matching quizzes found
Score Distribution
Percent of People with Each Score
Percentile by Number Answered
Your Score History
You have not taken this quiz since the last reset